From craft to industry : the ethnography of proto-industrial cloth production
Saved in:
| Other Authors: | |
|---|---|
| Format: | Book |
| Language: | English |
| Published: |
Cambridge :
Cambridge University Press,
1982
|
| Series: | Cambridge papers in social anthropology ;
; 10 |
| Subjects: | |
| Tags: |
Add Tag
No Tags, Be the first to tag this record!
|
MARC
| LEADER | 00000nam a2200000 i 4500 | ||
|---|---|---|---|
| 001 | 1/78564 | ||
| 008 | 950206s1982 eng d | ||
| 020 | |a 0-521-24614-8 | ||
| 035 | |l 10004601 | ||
| 040 | |a GR-MY-UA |b gre |e aacr | ||
| 041 | 0 | |a eng | |
| 082 | 0 | |a 306.46091724 | |
| 245 | 1 | 0 | |a From craft to industry : |b the ethnography of proto-industrial cloth production / |c Edited by Esther N. Goody |
| 260 | |a Cambridge : |b Cambridge University Press, |c 1982 | ||
| 300 | |a 220 p. | ||
| 490 | 1 | |a Cambridge papers in social anthropology |v ; 10 | |
| 650 | 0 | 0 | |a Weavers. |
| 650 | 0 | 0 | |a Industries, Primitive. |
| 650 | 0 | 0 | |a Economic anthropology. |
| 700 | 1 | |a Goody, Esther N. |4 edt | |
| 830 | 0 | |a Cambridge papers in social anthropology ; |v ; 10 | |
| 852 | |a INST |b LESVOS |e 19950206 |h 306.46091724 FRO |p 005100003023 |q 005100003023 |t BK |y 0 | ||
| 852 | |a INST |b LESVOS |e 19961030 |h 306.46091724 FRO |p 005100008951 |q 005100008951 |t BK |y 0 | ||
| 909 | |a Λ |b 007149 | ||